000
00333nam a2200121Ia 4500
008
151001s9999||||xx |||||||||||||| ||und||
100
_a
टी एस जैन
245
_a
बैंक प्रोबेशनरी ऑफीसर्स
250
_a
1
260
_b
उपकार
260
_c
2007
300
_a
84
999
_c
987492
_d
987489